000 01694nam0a2200385 4500
001 RU\NLR\BIBL_A\012097916
005 20190930153417.0
010 _a978-5-4461-0946-3
021 _aRU
_bКН-П-19-062778
_9КН-П-19-4491
035 _a(NLR Aleph) 012097916
035 _a(RuMoRGB)010073041
090 _a11891399
_c11891399
100 _a20190923d2020 u y0rusy50 ca
101 1 _arus
_ceng
102 _aRU
105 _ay|||z|||000zy
200 1 _aГрупповая психотерапия
_fИ. Ялом, М. Лесц
_g[перевели с английского: С. Баркова и др.]
205 _a5-е изд.
210 _aСанкт-Петербург [и др.]
_cПитер
_d2020 [т.е. 2019]
215 _a620 с.
_d24
225 1 _aМастера психологии
300 _aЗагл. и авт. ориг.: The theory and practice of group psychotherapy/ Irvin D. Yalom with Molyn Leszcz
300 _aФактическая дата выхода в свет - 2019
333 _a16+
454 1 _12001#$aThe theory and practice of group psychotherapy$fIrvin D. Yalom with Molyn Leszcz
_1700#1$aYalom$bI. D.$f1931 -$gIrvin D.$3RU\NLR\AUTH\7761889
_1701#1$aLeszcz$bM.$gMolyn
_tThe theory and practice of group psychotherapy
_aYalom, Irvin D. (1931 -)
606 1 _aГрупповая психотерапия
_9929447
_3RU\NLR\AUTH\6623427
686 1 _aЮ948.1-82
686 1 _aР357.17
700 1 _7ca
_8rus
_aЯлом
_bИ. Д.
_f1931-
_gИрвин Д.
_9120241
_3RU\NLR\AUTH\7710469
701 1 _aЛесц
_bМ.
_gМолин
942 _cBOOK
980 _aNBR
980 _aNB